İşte AKP'nin Türkiye'si (Record no. 1535)

MARC details
000 -BAŞLIK
Sabit Uzunlukta Kontrol Alanı 01162na a2200313 4500
001 - KONTROL NUMARASI
Denetim Alanı 20984
003 - KONTROL NUMARASI IDENTIFIER
Denetim Alanı MIRAKIL
005 - SON İŞLEM TARİHİ VE ZAMANI
Denetim Alanı 20181213154826.0
008 - SABİT-BOY VERİ ELEMANLARI - GENEL BİLGİLER
Sabit Uzunlukta Kontrol Alanı 170130b tu 000 0
035 ## - SİSTEM KONTROL NUMARASI
Sistem Kontrol Numarası 20984
040 ## - KATALOGLAMA KAYNAK
Orijinal Kataloglama Ajansı Milas
Kataloglama Dili tur
Metne Dönüştürmek Ajansı TR-AnCHP
041 ## - DİL KODU
Metin / Ses Parça Veya Ayrı Başlığın Dil Kodu tur
082 ## - DEWEY ONLU SINIFLANDIRMA NUMARASI
Sınıflandırma Numarası CHP 324.2172
Ürün Numarası İ73 2012
090 ## - SINIFLAMA NUMARASI
Sınıflama Numarası BROŞÜR 249
245 ## - BAŞLIK TABLOSU
Başlık İşte AKP'nin Türkiye'si
Sorumluluk Tablosu, Vb [hazırlayan] CHP
246 ## - UNVAN FORM VARYING
Başlık Doğru / Kısa Başlığı AKP Türkiyesi
260 ## - YAYIN, DAĞITIM, VB
Yayın, Dağıtım, Vb Yeri Ankara
Yayıncı, Dağıtıcı, Vs Adı CHP
Yayın, Dağıtım, Vb Tarihi 2012
300 ## - FİZİKSEL TANIM
Kapsam 15, [1] s.
Diğer Fiziksel Ayrıntıları rnk. res.
Boyutlar 21 sm.
440 ## - SERİSİ TABLOSU / KATMA GİRİŞİ - BAŞLIK
Başlık Cumhuriyet Halk Partisi yayınları
Bir İşin Parçası / Bölümün İsmi Raporlar
505 ## - BİÇİMLENDİRİLDİ İÇİNDEKİLER NOT
Biçimlendirilmiş İçeriği Dikkat Demokrasi - Özürlükler - İnsani gelişmişlik endeksi (HDI) - Basın özgürlüğü - Tutuklu gazeteciler - İnternet özgürlüğü - Yargı ve ihlaller - Cinsiyet eşitliği - Toplumsal yaşam - Eğitim ve öğrenciler - Ekonomi
610 ## - KONU KATMA GİRİŞ - TOPLANTI ADI
Giriş Elemanı Olarak Kurumsal Ad Veya Yargı Alanı Adı CHP
Genel Alt Bölüm İktidar eleştirisi
Kronolojik Alt Bölüm Siyaset ve yönetim
610 ## - KONU KATMA GİRİŞ - TOPLANTI ADI
Giriş Elemanı Olarak Kurumsal Ad Veya Yargı Alanı Adı AKP
Genel Alt Bölüm Siyaset ve yönetim
Kronolojik Alt Bölüm 2002-
650 ## - KONU KATMA GİRİŞ - TOPİKAL DÖNEM
Topikal Süreli Veya Coğrafi Ad Giriş Elemanı Sosyo ekonomik göstergeler
Genel Alt Bölümü AKP dönemi
Coğrafi Alt Bölümü Türkiye
651 ## - KONU KATMA GİRİŞ - COĞRAFİ ADI
Coğrafi İsim Türkiye
Genel Alt Bölümü Sosyo ekonomik durum
Kronolojik Alt Bölümü 2002-
830 ## - SERİSİ EKLENDİ GİRİŞ - ÜNİFORM ADI
Üniforma Başlık CHP raporları
942 ## - EKLENDİ GİRİŞ ELEMANLARI (KOHA)
Sınıflandırma Veya Raf Düzeni Kaynak
Koha Öğesi Türü Books
999 ## - SİSTEM KONTROL NUMARALARI (KOHA)
Koha Biblionumber 1535
Koha Biblioitemnumber 1535
657 ## - INDEX SÜRE - İŞLEVİ
-- CHP Türkiye raporu
Holdings
Kullanım Kısıtlamaları Kalıcı Konum Mevcut Konum Edinme Tarihi Edinim Kaynak Kodlu Konum Eleme Toplam Check-Out'Lar Tam Çağrı Numarası Barkod Tarih Son Görülme Kopya Sayısı İtibaren Geçerli Fiyatlar Koha Öğesi Türü
Kütüphane dışına çıkarılamaz CHP Kütüphanesi CHP Kütüphanesi 01/30/2017 Bağış BROŞÜRLER   BROŞÜR 249 013223 01/30/2017 k.3 01/30/2017 Visual Material